|
|
|
|
| LEADER |
00000nam a2200000 i 4500 |
| 001 |
1/57275 |
| 008 |
071008s2006 eng d |
| 020 |
|
|
|a 978-0-471-78591-0
|
| 020 |
|
|
|a 0-471-78591-1
|
| 035 |
|
|
|l 10091290
|
| 040 |
|
|
|a GR-MY-UA
|b gre
|e aacr
|
| 041 |
0 |
|
|a eng
|
| 082 |
0 |
|
|a 657.458
|2 (23)
|
| 100 |
1 |
|
|a Singleton, Tommie.
|
| 245 |
1 |
0 |
|a Fraud auditing and forensic accounting /
|c Tommie Singleton ... [και ά.]
|
| 250 |
|
|
|a 3rd ed
|
| 260 |
|
|
|a Hoboken, N.J. :
|b Wiley,
|c c2006
|
| 300 |
|
|
|a x,326 σ.;
|b σχ.;
|c 24 εκ.
|
| 504 |
|
|
|a Περιλαμβάνει βιβλιογραφίες και ευρετήριο
|
| 650 |
0 |
0 |
|a Auditing, Internal.
|
| 650 |
0 |
0 |
|a White collar crime investigation
|z United States.
|
| 650 |
0 |
0 |
|a Forensic accounting
|x United States.
|
| 650 |
0 |
0 |
|a Fraud investigation
|x United States.
|
| 852 |
|
|
|a INST
|b CHIOS
|e 20071008
|h 657.458 SIN
|p 005200025500
|q 005200025500
|t BK
|y 0
|
| 901 |
|
|
|a BIBL2-2007-3
|
| 909 |
|
|
|a Χ
|b 139426
|
| 922 |
|
|
|a 2ΕΛΗ
|b 200709
|c ΕΠΕΑΕΚ2/ΤΔΕ
|d ΠΑΠΑΣΩΤΗΡΙΟΥ
|
| 970 |
|
|
|a ΑΤΣΑΛΗ
|b ΔΕΣΠΟΙΝΑ
|z 2007/10/08
|